[Event "Lansing (MOR/3/20)"]
[Site "?"]
[Date "1996.??.??"]
[Round "?"]
[White "Carr, J."]
[Black "Raupp, Christine"]
[Result "1-0"]
[WhiteElo "1700"]
[BlackElo "1605"]
[PlyCount "67"]
[EventDate "1996.??.??"]

{3/(20)} 1. c4 e6 2. Nc3 f5 3. d4 Bb4 4. Nf3 Nf6 5. Bd2 b6 6. g3 Bb7 7. Bg2 O-O
8. O-O d6 9. a3 Bxc3 10. Bxc3 Nbd7 11. Re1 Ne4 12. d5 e5 13. Qc2 Qe8 14. Nh4
Ndc5 15. Bb4 Qh5 16. Bxc5 Nxc5 17. b4 Nd7 18. e4 f4 19. Bf3 Qg5 20. Qd2 Rf6 21.
Kg2 Rh6 22. Nf5 Rg6 23. Qe2 Nf6 24. h4 fxg3 25. hxg5 gxf2 26. Kxf2 Rxg5 27. Rg1
Rxg1 28. Rxg1 Ne8 29. Bh5 g6 30. Bxg6 hxg6 31. Rxg6+ Kf7 32. Qh5 Nf6 33. Rg7+
Kf8 34. Qf7# 1-0

[Event "Flint (MI Senior/2/7)"]
[Site "?"]
[Date "1996.??.??"]
[Round "?"]
[White "Carr, J."]
[Black "Iyer, Krishnan"]
[Result "1/2-1/2"]
[WhiteElo "1715"]
[BlackElo "1605"]
[PlyCount "128"]
[EventDate "1996.??.??"]

{2/(7)} 1. c4 e6 2. Nc3 b6 3. Nf3 Bb7 4. d4 Nf6 5. Bg5 Be7 6. e3 O-O 7. Bd3 d5
8. a3 Ne4 9. Bxe7 Qxe7 10. Bxe4 dxe4 11. Nd2 f5 12. O-O Nd7 13. f4 c5 14. Ne2
Rac8 15. Rc1 g5 16. Qe1 g4 17. Qg3 Kh8 18. Rc3 h5 19. Rb1 h4 20. Qe1 Rg8 21. b4
Nf8 22. dxc5 bxc5 23. b5 Ng6 24. a4 Qc7 25. Ra1 Rg7 26. a5 a6 27. Rb3 Rh7 28.
bxa6 Bc6 29. Rb6 e5 30. Qf1 exf4 31. Nxf4 Nxf4 32. Qxf4 Qxf4 33. exf4 e3 34.
Nb3 Rd7 35. Re1 Rd3 36. a7 Ba8 37. Rb8 Rdd8 38. Rxe3 Rxb8 39. axb8=Q Rxb8 40.
Nxc5 Rb1+ 41. Kf2 Rb2+ 42. Re2 Rxe2+ 43. Kxe2 Bxg2 44. Kf2 Bc6 45. Nd3 Kg7 46.
Ne5 Bb7 47. c5 Kf6 48. c6 Ba6 49. c7 Ke6 50. Nc4 Kd7 51. Ne3 Ke6 52. Ng2 h3 53.
Ne3 Bc8 54. Kg3 Kd6 55. Nc4+ Kxc7 56. Ne5 Kb7 57. Nc4 Ka6 58. Ne5 Kxa5 59. Nc4+
Kb4 60. Ne5 Kc5 61. Nd3+ Kd4 62. Ne5 Be6 63. Nc6+ Kd5 64. Ne5 Ke4 1/2-1/2

[Event "Lansing (MOR/2/46)"]
[Site "?"]
[Date "1996.??.??"]
[Round "?"]
[White "Carpenter, O."]
[Black "Tobias, B."]
[Result "1-0"]
[WhiteElo "1605"]
[BlackElo "1605"]
[PlyCount "61"]
[EventDate "1996.??.??"]

{2/(46)} 1. e4 Nf6 2. Nc3 d5 3. exd5 Nxd5 4. Nxd5 Qxd5 5. Nf3 Qe4+ 6. Be2 Nc6
7. O-O e5 8. Re1 Bg4 9. Bd3 Qf4 10. Re4 Qf5 11. Qe1 Bxf3 12. gxf3 O-O-O 13. Qe2
Rd4 14. Rxd4 Nxd4 15. Bxf5+ Nxf5 16. Qxe5 Bd6 17. Qxf5+ Kd8 18. d3 g6 19. Qf6+
Kd7 20. Qxh8 h5 21. Bg5 Kc6 22. Re1 b5 23. Qf6 Kc5 24. Qxf7 b4 25. Qc4+ Kb6 26.
Be3+ Kb7 27. Qb5+ Kc8 28. Bxa7 Bxh2+ 29. Kxh2 c6 30. Qxc6+ Kd8 31. Re8# 1-0

[Event "Kalamazoo (MI Am/1/15)"]
[Site "?"]
[Date "1996.??.??"]
[Round "?"]
[White "Carpenter, O."]
[Black "Seipel, R."]
[Result "0-1"]
[WhiteElo "1605"]
[BlackElo "1695"]
[PlyCount "83"]
[EventDate "1996.??.??"]

{1/(15)} 1. e4 c5 2. Nf3 d6 3. d3 Nc6 4. Nbd2 Nf6 5. g3 e5 6. Bg2 Bg4 7. O-O
Qd7 8. a4 Be7 9. c3 O-O 10. Qe1 h6 11. h4 Nh5 12. Nh2 Bh3 13. Nc4 Bxg2 14. Kxg2
Nf6 15. Ne3 d5 16. Nf5 dxe4 17. dxe4 Qd3 18. f3 Rfd8 19. Ng4 Nxg4 20. fxg4 Rd7
21. Qe3 Bf8 22. Qxd3 Rxd3 23. Ne3 Na5 24. b4 Nb3 25. Rb1 Nxc1 26. Rbxc1 Rxe3
27. Rcd1 Rxe4 28. Rd7 Rxg4 29. Rdxf7 cxb4 30. cxb4 Rxb4 31. R7f5 Rxa4 32. Rxe5
Rd8 33. Rf2 Ra3 34. Ref5 Rad3 35. Kh3 Bd6 36. Rg2 Rf8 37. Rxf8+ Kxf8 38. Rf2+
Kg8 39. Rf8+ Kxf8 40. h5 Rxg3+ 41. Kh4 Rg5 42. Kh3 $138 0-1

[Event "Howell (US Am N/2/39)"]
[Site "?"]
[Date "1996.??.??"]
[Round "?"]
[White "Carpenter, O."]
[Black "Scioly, Tony"]
[Result "1/2-1/2"]
[WhiteElo "1605"]
[BlackElo "1605"]
[PlyCount "127"]
[EventDate "1996.??.??"]

{2/(39)} 1. Nf3 c5 2. g3 d5 3. Bg2 Nc6 4. O-O e5 5. d3 Nf6 6. Nbd2 Bd6 7. e3
O-O 8. Qe2 Bg4 9. h3 Bh5 10. g4 Bg6 11. e4 d4 12. a4 Qc7 13. Nc4 Be7 14. Nh4
Ne8 15. Nf5 Bxf5 16. gxf5 Nf6 17. Bd2 Kh8 18. Bf3 Rg8 19. Kh1 a6 20. a5 g6 21.
Rg1 gxf5 22. Rxg8+ Rxg8 23. exf5 Bd6 24. Nxd6 Qxd6 25. Rg1 Qd7 26. Rxg8+ Kxg8
27. Be4 Ne7 28. Qf3 Nxe4 29. dxe4 Qc6 30. Kg1 b5 31. f6 Ng6 32. Qg4 Kf8 33. f3
c4 34. Bb4+ Ke8 35. Qh5 Qxf6 36. Qxh7 Kd7 37. Qh5 Ke6 38. Qf5+ Qxf5 39. exf5+
Kxf5 40. Kf2 Kf4 41. Bd2+ Kf5 42. Kg3 Ke6 43. h4 Kd5 44. h5 Nf8 45. Kg4 Ke6 46.
Bh6 Nh7 47. Bg5 f5+ 48. Kh4 e4 49. fxe4 fxe4 50. Kg4 e3 51. Bxe3 dxe3 52. Kf3
Kd5 53. Kxe3 Kc5 54. Kf4 Kb4 55. Kf5 c3 56. b3 Ka3 57. Kg6 Kb2 58. Kxh7 Kxc2
59. Kg6 Kxb3 60. h6 c2 61. h7 c1=Q 62. h8=Q Qc2+ 63. Kf7 Qf5+ 64. Ke7 1/2-1/2

[Event "Howell (US Am N/5/49)"]
[Site "?"]
[Date "1996.??.??"]
[Round "?"]
[White "Carpenter, O."]
[Black "Michaels, M."]
[Result "1-0"]
[WhiteElo "1605"]
[BlackElo "1605"]
[PlyCount "87"]
[EventDate "1996.??.??"]

{5/(49)} 1. Nf3 Nc6 2. g3 e5 3. e4 Nf6 4. d3 d5 5. Nbd2 d4 6. Bg2 Bb4 7. O-O
Bg4 8. h3 Bxf3 9. Nxf3 O-O 10. a3 Ba5 11. b4 Bb6 12. b5 Ne7 13. Nxe5 Qd6 14.
Nf3 a6 15. e5 Qe6 16. exf6 Qxf6 17. Bg5 Qd6 18. bxa6 Rxa6 19. Bxe7 Qxe7 20. Re1
Qd6 21. Ne5 Rxa3 22. Rxa3 Qxa3 23. Nc4 Qb4 24. Nxb6 cxb6 25. Qb1 Qc3 26. Qd1
Rb8 27. Re7 Qc8 28. Qe1 b5 29. Bxb7 Qd8 30. Bc6 g6 31. Re8+ Qxe8 32. Bxe8 b4
33. Qe7 Rxe8 34. Qxe8+ Kg7 35. Qb5 b3 36. Qxb3 h5 37. h4 g5 38. hxg5 h4 39.
gxh4 f6 40. gxf6+ Kxf6 41. Qb6+ Kf5 42. Qxd4 Ke6 43. f4 Kf5 44. Qe5+ 1-0

[Event "Lansing (MOR/4/41)"]
[Site "?"]
[Date "1996.??.??"]
[Round "?"]
[White "Carpenter, O."]
[Black "Jackson, T."]
[Result "1-0"]
[WhiteElo "1605"]
[BlackElo "1605"]
[PlyCount "109"]
[EventDate "1996.??.??"]

{4/(41)} 1. e4 Nc6 2. Nc3 Nf6 3. Nf3 d6 4. h3 g6 5. b3 Bg7 6. Bb2 O-O 7. Rb1 e5
8. d4 Re8 9. d5 Nd4 10. Be2 Nxf3+ 11. Bxf3 Bd7 12. Ne2 c6 13. c4 Qa5+ 14. Nc3
Qc7 15. O-O Qd8 16. Re1 Re7 17. Qc2 Rc8 18. Rbd1 Ne8 19. Bg4 Bxg4 20. hxg4 Rec7
21. g3 cxd5 22. Nxd5 Rc6 23. f4 Nf6 24. Nxf6+ Qxf6 25. fxe5 dxe5 26. Rd7 Qf3
27. Qf2 Qxf2+ 28. Kxf2 Rb8 29. Red1 Bf6 30. R1d5 Re6 31. Bc1 g5 32. Be3 Ra6 33.
a4 Kf8 34. Bc5+ Ke8 35. Rd1 Rd8 36. R7d5 b6 37. Ba3 Rxd5 38. Rxd5 Bg7 39. Rb5
Bf8 40. Bxf8 Kxf8 41. Rxe5 f6 42. Rb5 Ke7 43. Ke3 Kd6 44. Kd4 Ra5 45. Rxa5 bxa5
46. c5+ Kc6 47. Kc4 a6 48. b4 axb4 49. Kxb4 Kd7 50. Ka5 Kc6 51. Kxa6 Kxc5 52.
Kb7 Kb4 53. Kc6 Kxa4 54. Kd5 Kb4 55. Ke6 1-0

[Event "Lansing (MOR/6/21)"]
[Site "?"]
[Date "1996.??.??"]
[Round "?"]
[White "Carpenter, O."]
[Black "Hanna, Carl"]
[Result "1-0"]
[WhiteElo "1605"]
[BlackElo "1605"]
[PlyCount "99"]
[EventDate "1996.??.??"]

{6/(21)} 1. e4 e5 2. Nf3 Nc6 3. Bb5 Bc5 4. c3 a6 5. Bxc6 bxc6 6. Nxe5 Qh4 7.
Qf3 Nf6 8. d4 Bd6 9. Bf4 O-O 10. Nd2 Bb7 11. Qg3 Qxg3 12. Bxg3 c5 13. f3 Bxe5
14. Bxe5 d6 15. Bxf6 gxf6 16. d5 Rfe8 17. O-O h5 18. c4 Kh7 19. Rae1 Rg8 20.
Rf2 Rg6 21. Nf1 h4 22. h3 Rag8 23. Ne3 Bc8 24. Kf1 a5 25. a4 Bd7 26. b3 R8g7
27. Ree2 Bxh3 28. Ke1 Bd7 29. Rf1 Kg8 30. Kd2 Kf8 31. Rh1 Rh7 32. g4 Rgh6 33.
Reh2 Kg7 34. Ng2 Kg6 35. Rxh4 Rxh4 36. Rxh4 Rxh4 37. Nxh4+ Kg5 38. Ng2 Bc8 39.
Ke2 Bd7 40. Kf2 Bc8 41. Ke2 Bd7 42. Kf2 Bc8 43. Kg3 Bd7 44. Nf4 c6 45. Nh3+ Kg6
46. f4 cxd5 47. f5+ Kg7 48. exd5 Kh6 49. Nf2 Kg7 50. Ne4 1-0

[Event "Howell (US Am N/6/41)"]
[Site "?"]
[Date "1996.??.??"]
[Round "?"]
[White "Carpenter, O."]
[Black "Charette, B."]
[Result "1/2-1/2"]
[WhiteElo "1605"]
[BlackElo "1605"]
[PlyCount "123"]
[EventDate "1996.??.??"]

{6/(41)} 1. Nf3 Nf6 2. g3 d5 3. Bg2 Nc6 4. O-O e5 5. d3 Bc5 6. Nbd2 O-O 7. e3
Bg4 8. h3 Bxf3 9. Nxf3 e4 10. Ne1 Rb8 11. d4 Bd6 12. a3 Re8 13. b4 Qe7 14. Bd2
a6 15. Rc1 b6 16. c4 Qe6 17. c5 bxc5 18. bxc5 Be7 19. Nc2 Rb3 20. Rb1 Rxb1 21.
Qxb1 Rb8 22. Qa2 h6 23. Nb4 Na5 24. Rb1 Nc4 25. Bc3 a5 26. Nc2 Ra8 27. Rb7 Qc6
28. Qb1 Qa4 29. Rb8+ Rxb8 30. Qxb8+ Bf8 31. Qb1 Nxa3 32. Nxa3 Qxa3 33. Qa1
Qxa1+ 34. Bxa1 Be7 35. Bc3 a4 36. Ba5 a3 37. Bc3 c6 38. Bf1 a2 39. Be2 Bd8 40.
Bd1 Ba5 41. Bb2 Nh7 42. Bb3 Ng5 43. Bxa2 Nxh3+ 44. Kf1 Kf8 45. Bb3 Ke7 46. Bd1
Ng5 47. Bc1 Ne6 48. Ke2 g5 49. Kf1 f5 50. Ba4 Kd7 51. Kg2 g4 52. Bb2 Ng5 53.
Bc1 Nf3 54. Kf1 Ne1 55. Ke2 Nd3 56. Ba3 Kc7 57. Bc2 Ne1 58. Ba4 Nf3 59. Kf1
Nd2+ 60. Ke2 Nb1 61. Bb2 Bc3 62. Bc2 1/2-1/2

[Event "Kalamazoo (MI Am/2/16)"]
[Site "?"]
[Date "1996.??.??"]
[Round "?"]
[White "Carpenter, O."]
[Black "Brown, Ralph"]
[Result "0-1"]
[WhiteElo "1605"]
[BlackElo "1660"]
[PlyCount "114"]
[EventDate "1996.??.??"]

{2/(16)} 1. e4 e5 2. Nf3 Nf6 3. Nxe5 Qe7 4. Nf3 Nxe4 5. Qe2 d5 6. d3 Nd6 7.
Qxe7+ Bxe7 8. Be2 O-O 9. Bd2 Re8 10. Nc3 c6 11. O-O-O Na6 12. a3 Bf6 13. h4
Bxc3 14. Bxc3 Rxe2 15. Rdf1 Nb5 16. Re1 Nxc3 17. bxc3 Rxe1+ 18. Rxe1 Bg4 19.
Re2 Bxf3 20. gxf3 Rb8 21. d4 Kf8 22. Re3 Re8 23. Kd2 Nc7 24. a4 Ne6 25. a5 Nf4
26. Rxe8+ Kxe8 27. Ke3 Ng2+ 28. Ke2 Ke7 29. h5 Kf6 30. Kd3 Kf5 31. c4 Ne1+ 32.
Kc3 Nxf3 33. cxd5 cxd5 34. Kd3 b5 35. axb6 axb6 36. c4 Ne1+ 37. Kc3 Ke4 38. c5
bxc5 39. dxc5 Ke5 40. f4+ Ke6 41. f5+ Kd7 42. Kd4 Kc6 43. Ke5 Nd3+ 44. Kd4 Nxc5
45. Ke5 Nd7+ 46. Kd4 f6 47. Kc3 h6 48. Kd4 Ne5 49. Kc3 Kc5 50. Kc2 Kc4 51. Kc1
d4 52. Kd1 d3 53. Kd2 Nf3+ 54. Kc1 Kc3 55. Kb1 d2 56. Ka1 d1=Q+ 57. Ka2 Nd4 0-1

[Event "Kalamazoo (MI Am/5/24)"]
[Site "?"]
[Date "1996.??.??"]
[Round "?"]
[White "Carpenter, O."]
[Black "Arenson, Kevin"]
[Result "0-1"]
[WhiteElo "1605"]
[BlackElo "1605"]
[PlyCount "85"]
[EventDate "1996.??.??"]

{5/(24)} 1. e4 e5 2. Nf3 Nc6 3. Bb5 Nge7 4. Bc4 Ng6 5. d3 Be7 6. Nc3 d6 7. Nd5
O-O 8. Nxe7+ Ncxe7 9. Be3 Bg4 10. h3 Be6 11. Bxe6 fxe6 12. Ng5 Qd7 13. g3 h6
14. Nf3 Kh7 15. h4 Ng8 16. h5 Nh8 17. g4 Qf7 18. Rh3 Nf6 19. Nh2 Qe8 20. Qd2
Nf7 21. g5 hxg5 22. Bxg5 Nh6 23. Bxh6 gxh6 24. Rg3 Nxh5 25. Ng4 Rf4 26. Rg1 Qg6
27. Qe2 Raf8 28. O-O-O Nf6 29. Nxe5 Qh5 30. Qxh5 Nxh5 31. Ng6 Rg8 32. Nxf4 Rxg1
33. Nxh5 Rxd1+ 34. Kxd1 Kg6 35. Nf4+ Kf6 36. Nh5+ Kg6 37. Nf4+ Kf6 38. Nh5+ Kg6
39. Nf4+ Kf6 40. Nh5+ Kg6 41. Nf4+ Kf6 42. Nh5+ Kg6 43. Nf4+ $138 0-1

[Event "Lansing (MOR/5/17)"]
[Site "?"]
[Date "1996.??.??"]
[Round "?"]
[White "Carpenter, George"]
[Black "Zuniga, Jesus"]
[Result "0-1"]
[WhiteElo "1605"]
[BlackElo "1605"]
[PlyCount "78"]
[EventDate "1996.??.??"]

{5/(17)} 1. e4 e6 2. Nf3 d5 3. d3 Nf6 4. Bg5 dxe4 5. Bxf6 Qxf6 6. dxe4 Qxb2 7.
Nbd2 Bb4 8. Rb1 Bxd2+ 9. Nxd2 Qd4 10. Bd3 O-O 11. O-O b6 12. Nf3 Qd8 13. Qe2
Bb7 14. Rfd1 Qe7 15. e5 h6 16. Be4 Bxe4 17. Qxe4 Nd7 18. Rd2 Nc5 19. Qg4 Rad8
20. Rbd1 Rxd2 21. Nxd2 Rd8 22. Nc4 Rxd1+ 23. Qxd1 Qg5 24. h3 Qf4 25. Qe2 Qd4
26. Kh2 Qa1 27. Qd2 Qxa2 28. Qd8+ Kh7 29. Nd6 cxd6 30. exd6 Qd5 31. Qe7 Qb7 32.
g4 a5 33. f4 a4 34. g5 a3 35. gxh6 gxh6 36. f5 a2 37. fxe6 a1=Q 38. Qxb7 Nxb7
39. e7 Nxd6 0-1

[Event "Howell (US Am N/3/47)"]
[Site "?"]
[Date "1996.??.??"]
[Round "?"]
[White "Carpenter, George"]
[Black "Yahkind, Andrew"]
[Result "1-0"]
[WhiteElo "1605"]
[BlackElo "1605"]
[PlyCount "91"]
[EventDate "1996.??.??"]

{3/(47)} 1. e4 e5 2. Nf3 Nc6 3. Bb5 f5 4. Bxc6 bxc6 5. Nxe5 Qe7 6. Qh5+ g6 7.
Nxg6 Nf6 8. Nxe7+ Nxh5 9. Nxf5 d5 10. d3 dxe4 11. dxe4 Ba6 12. Nc3 O-O-O 13.
Bg5 Rd7 14. Rd1 Bd6 15. Nxd6+ cxd6 16. g4 Ng7 17. Bf6 Rg8 18. e5 d5 19. Na4 Ne6
20. g5 Bb5 21. Nc3 Nxg5 22. Nxb5 cxb5 23. h4 Ne6 24. f3 Rg2 25. Rd2 Rg6 26. Kf2
Rg8 27. Rhd1 Nf4 28. Kf1 h6 29. Rd4 Nh3 30. Rg4 Rxg4 31. fxg4 Nf4 32. g5 h5 33.
Kf2 Ng6 34. Kg3 Nf8 35. Kf4 Ng6+ 36. Kf5 Nxh4+ 37. Ke6 Ng6 38. Rh1 Kc7 39. Kf5
Nf8 40. Rxh5 d4 41. Rh8 Ne6 42. Kxe6 d3 43. g6 Rd4 44. g7 Rc4 45. Rh7 Rc6+ 46.
Kf5 1-0

[Event "Howell (US Am N/1/2)"]
[Site "?"]
[Date "1996.??.??"]
[Round "?"]
[White "Carpenter, George"]
[Black "Wysocki, Jason"]
[Result "0-1"]
[WhiteElo "1605"]
[BlackElo "2105"]
[PlyCount "62"]
[EventDate "1996.??.??"]

{1/(2)} 1. e4 c5 2. Nf3 e6 3. g3 Nc6 4. Bg2 g6 5. O-O Bg7 6. d3 Nge7 7. Nbd2 d6
8. c3 O-O 9. Qc2 b5 10. Re1 Rb8 11. Nf1 b4 12. Rb1 bxc3 13. bxc3 Rxb1 14. Qxb1
Bxc3 15. Re2 Ba6 16. Bd2 Qa5 17. Ne3 Rb8 18. Qc2 Nd4 19. Nxd4 cxd4 20. Nd1 Bxd2
21. Rxd2 Rb1 22. Bf3 Qb6 23. Kg2 Ra1 24. Qa4 Bb5 25. Qa3 Qc5 26. Qb3 Rc1 27. a4
Ba6 28. Be2 Nc6 29. f4 Kg7 30. Nb2 Qc3 31. Qxc3 dxc3 0-1

[Event "Kalamazoo (MI Am/1/28)"]
[Site "?"]
[Date "1996.??.??"]
[Round "?"]
[White "Carpenter, George"]
[Black "Sterngast, A."]
[Result "1-0"]
[WhiteElo "1605"]
[BlackElo "1605"]
[PlyCount "53"]
[EventDate "1996.??.??"]

{1/(28)} 1. e4 e5 2. Nf3 Nc6 3. Bb5 a6 4. Bxc6 bxc6 5. O-O Nf6 6. Nxe5 Nxe4 7.
Re1 Nc5 8. Nxc6+ Ne6 9. Nxd8 Kxd8 10. Qf3 c6 11. Qxf7 Be7 12. Rxe6 dxe6 13.
Qxg7 Rf8 14. d4 c5 15. Bg5 Bxg5 16. Qxf8+ Kd7 17. dxc5 Bb7 18. Qd6+ Ke8 19.
Qxe6+ Be7 20. Nc3 Bc8 21. Qc6+ Kd8 22. Qxa8 Bxc5 23. Qd5+ Bd6 24. Qxd6+ Ke8 25.
Re1+ Kf7 26. Re7+ Kf8 27. Qd8# 1-0

[Event "Howell (US Am N/6/32)"]
[Site "?"]
[Date "1996.??.??"]
[Round "?"]
[White "Carpenter, George"]
[Black "Miller, Doug"]
[Result "0-1"]
[WhiteElo "1605"]
[BlackElo "1605"]
[PlyCount "56"]
[EventDate "1996.??.??"]

{6/(32)} 1. e4 e5 2. Nf3 Nc6 3. Bb5 d6 4. O-O Nf6 5. d4 Bd7 6. Bxc6 bxc6 7.
dxe5 Nxe4 8. Re1 d5 9. c4 Bc5 10. Be3 Bg4 11. Bxc5 Nxc5 12. Qd4 Ne4 13. Nbd2
O-O 14. Nxe4 dxe4 15. Qxe4 Bxf3 16. Qxf3 Qd4 17. b3 c5 18. h3 Rae8 19. Rad1 Qb2
20. Re2 Qa3 21. Qd5 Qa6 22. e6 fxe6 23. Rxe6 Rxe6 24. Re1 Rfe8 25. f4 Kh8 26.
Rxe6 Qxe6 27. Qxc5 Qe3+ 28. Qxe3 Rxe3 0-1

[Event "Kalamazoo (MI Am/5/15)"]
[Site "?"]
[Date "1996.??.??"]
[Round "?"]
[White "Carpenter, George"]
[Black "Juntunen, Michael"]
[Result "0-1"]
[WhiteElo "1605"]
[BlackElo "1605"]
[PlyCount "56"]
[EventDate "1996.??.??"]

{5/(15)} 1. e4 e5 2. Nf3 d5 3. exd5 Bd6 4. Nc3 Nf6 5. d4 e4 6. Qe2 O-O 7. Ne5
Bf5 8. f3 Bb4 9. Bg5 Bxc3+ 10. bxc3 Qxd5 11. Bxf6 gxf6 12. fxe4 Qxe4 13. Qxe4
Bxe4 14. Nd3 Nd7 15. Kd2 Rfe8 16. Rg1 Re6 17. Nf4 Rb6 18. Bc4 c5 19. Rge1 f5
20. Nd5 Rd6 21. Nc7 Rd8 22. Nb5 Rg6 23. g3 a6 24. Nc7 Ne5 25. Kc1 Nxc4 26. d5
Rd7 27. g4 Rxg4 28. Ne8 Rg6 0-1

[Event "Lansing (MOR/2/8)"]
[Site "?"]
[Date "1996.??.??"]
[Round "?"]
[White "Carpenter, George"]
[Black "Jointer, William"]
[Result "1-0"]
[WhiteElo "1605"]
[BlackElo "1710"]
[PlyCount "131"]
[EventDate "1996.??.??"]

{2/(8)} 1. e4 c5 2. Nf3 Nc6 3. d3 g6 4. g3 Bg7 5. Bg2 Nf6 6. O-O O-O 7. Nbd2 d5
8. c3 e6 9. Qc2 b5 10. Re1 Bb7 11. Nb3 Qb6 12. Be3 Nd7 13. Nxc5 Nxc5 14. b4
Nxb4 15. cxb4 Bxa1 16. Bxc5 Rac8 17. Rxa1 dxe4 18. dxe4 Qd8 19. Rd1 Qf6 20. Qe2
Rfe8 21. Bd4 e5 22. Nxe5 Qa6 23. Nd7 Re6 24. Nc5 Qc6 25. Nxe6 Qxe6 26. Bc5 Bc6
27. Rd6 Qe5 28. Bh3 f5 29. Qd2 Qxe4 30. Rd8+ Kf7 31. f3 Qxf3 32. Rd7+ Kg8 33.
Bg2 Qxg2+ 34. Qxg2 Bxg2 35. Kxg2 a5 36. Rb7 axb4 37. Rxb5 Ra8 38. Rxb4 Rxa2+
39. Bf2 Kg7 40. Kf3 g5 41. Bd4+ Kg6 42. Rb2 g4+ 43. Kf4 Ra4 44. Ke5 Ra5+ 45.
Ke6 Ra4 46. Rb6 Kh5 47. Bg7 Kg5 48. Bf6+ Kg6 49. Be5 Kg5 50. Bf4+ Rxf4 51.
gxf4+ Kxf4 52. Rb5 Kg5 53. Rxf5+ Kh4 54. Ke5 h6 55. Kf4 h5 56. Rg5 g3 57. hxg3+
Kh3 58. Rxh5+ Kg2 59. g4 Kf2 60. Re5 Kg2 61. Rh5 Kf2 62. Rh2+ Kg1 63. Kg3 Kf1
64. Kf3 Kg1 65. Rh4 Kf1 66. Rh1# 1-0

[Event "Lansing (MOR/4/8)"]
[Site "?"]
[Date "1996.??.??"]
[Round "?"]
[White "Carpenter, George"]
[Black "James, Larry"]
[Result "0-1"]
[WhiteElo "1605"]
[BlackElo "1645"]
[PlyCount "46"]
[EventDate "1996.??.??"]

{4/(8)} 1. e4 c5 2. Nf3 Nc6 3. g3 g6 4. Bg2 Bg7 5. O-O d6 6. d3 Rb8 7. Nbd2 b5
8. c3 Bd7 9. Qc2 b4 10. Re1 e6 11. Nc4 Qc7 12. e5 dxe5 13. Nfxe5 Nxe5 14. Bf4
f6 15. d4 cxd4 16. cxd4 g5 17. Bxe5 fxe5 18. dxe5 Bxe5 19. Rxe5 Rc8 20. Qf5 Ne7
21. Rxe6 Bxe6 22. Qxe6 Qxc4 23. Bd5 Qxd5 0-1

[Event "Kalamazoo (MI Am/3/19)"]
[Site "?"]
[Date "1996.??.??"]
[Round "?"]
[White "Carpenter, George"]
[Black "Brant, K."]
[Result "1-0"]
[WhiteElo "1605"]
[BlackElo "1605"]
[PlyCount "45"]
[EventDate "1996.??.??"]

{3/(19)} 1. e4 e5 2. Nf3 Nc6 3. Bb5 Bc5 4. O-O Nf6 5. Bxc6 bxc6 6. Nxe5 O-O 7.
d4 Bb4 8. c3 Ba5 9. Bg5 h6 10. Bh4 g5 11. Bg3 Nxe4 12. Nd2 Nxg3 13. fxg3 Kg7
14. Ne4 f6 15. Nc4 Bb6 16. Nxb6 cxb6 17. Nd6 Ba6 18. Rf2 Qc7 19. Nf5+ Kg6 20.
Qc2 d5 21. Nh4+ Kf7 22. Re1 gxh4 23. Qh7# 1-0

[Event "Jackson (Prison m)"]
[Site "?"]
[Date "1996.??.??"]
[Round "?"]
[White "Campbell, J."]
[Black "Thomas, Henry"]
[Result "0-1"]
[WhiteElo "1605"]
[BlackElo "1800"]
[PlyCount "92"]
[EventDate "1996.??.??"]

{10/5} 1. e4 e5 2. f4 exf4 3. Nf3 Be7 4. h4 Nf6 5. d4 Nxe4 6. Bxf4 O-O 7. Bd3
d5 8. Nbd2 Re8 9. Be2 Nc6 10. c3 Bg4 11. Nxe4 dxe4 12. Ng5 Bxe2 13. Qxe2 Qd5
14. Qh5 h6 15. O-O-O f6 16. Qg6 fxg5 17. hxg5 Bxg5 18. g3 Re6 19. Qh5 Bxf4+ 20.
gxf4 Qxh5 21. Rxh5 Rf6 22. Rg1 Re8 23. d5 Nd8 24. Re5 Kf7 25. Rxg7+ Kxg7 26.
Rxe8 Nf7 27. Rxe4 Nd6 28. Rd4 h5 29. Kd2 Kg6 30. Ke2 Kf5 31. Kf3 Rg6 32. c4 h4
33. c5 Rg3+ 34. Ke2 Ne4 35. d6 cxd6 36. cxd6 Rg8 37. Kf3 Nf6 38. Rb4 h3 39.
Rb5+ Ke6 40. Rg5 Rh8 41. Re5+ Kxd6 42. Re1 h2 43. Rh1 Nd5 44. f5 Ke5 45. Kg2
Ne3+ 46. Kf3 Rh3+ 0-1

[Event "Flint (MI Ch Spon/3)"]
[Site "?"]
[Date "1996.??.??"]
[Round "?"]
[White "Caminata, A."]
[Black "King, Billy"]
[Result "0-1"]
[WhiteElo "1605"]
[BlackElo "1605"]
[PlyCount "102"]
[EventDate "1996.??.??"]

1. d4 d5 2. c3 e6 3. Nf3 Nf6 4. Bg5 Be7 5. g3 h6 6. Bf4 b6 7. Qa4+ Bd7 8. Qc2
c5 9. dxc5 Bxc5 10. e3 g5 11. Bxb8 Qxb8 12. Qd3 a6 13. b4 Bb5 14. Qd2 Bxf1 15.
Rxf1 Ne4 16. Qe2 Bd6 17. Nd4 Qc7 18. Qb2 Rc8 19. Ne2 Be5 20. a3 Nxc3 21. Nbxc3
Bxc3+ 22. Nxc3 Qxc3+ 23. Qxc3 Rxc3 24. Ke2 O-O 25. Kf3 f5 26. h3 Rfc8 27. Rh1
Rd3 28. b5 a5 29. a4 Rcc3 30. Rhd1 Rxd1 31. Rxd1 Kf7 32. Rd4 Ke7 33. h4 Kd6 34.
hxg5 hxg5 35. Ke2 g4 36. Kd2 Ra3 37. Rd3 Rxd3+ 38. Kxd3 Kc5 39. Kc3 e5 40. f4
gxf3 41. Kd2 e4 42. Ke1 d4 43. exd4+ Kxd4 44. Kf2 Kd3 45. Kf1 e3 46. Ke1 Kc2
47. Kf1 Kd2 48. g4 fxg4 49. Kg1 g3 50. Kf1 e2+ 51. Kg1 e1=R# 0-1

[Event "Flint (MI Ch Spon/1)"]
[Site "?"]
[Date "1996.??.??"]
[Round "?"]
[White "Caminata, A."]
[Black "Brinks, K."]
[Result "0-1"]
[WhiteElo "1605"]
[BlackElo "1605"]
[PlyCount "78"]
[EventDate "1996.??.??"]

1. d4 Nf6 2. c3 b6 3. Nf3 e6 4. Bg5 Bb7 5. Bxf6 Qxf6 6. Nbd2 c5 7. e3 Be7 8. g3
O-O 9. Bg2 d6 10. O-O Nd7 11. Qa4 Rfd8 12. Qc2 Rab8 13. h4 h6 14. a4 cxd4 15.
Nxd4 Bxg2 16. Kxg2 Rdc8 17. N4f3 d5 18. Rac1 e5 19. Qd3 e4 20. Qxd5 exf3+ 21.
Nxf3 Qc6 22. e4 Qxd5 23. exd5 Nc5 24. Rfd1 Rd8 25. a5 Nb3 26. Rc2 Nxa5 27. Rcd2
Nc4 28. Rd4 Nxb2 29. R1d2 Bc5 30. Re4 Ba3 31. Ne5 Re8 32. d6 Rxe5 33. Rxe5 Nc4
34. Red5 Nxd2 35. Rxd2 Rd8 36. d7 Kf8 37. Rd4 Ke7 38. c4 Rxd7 39. Rxd7+ Kxd7
0-1

[Event "Flint (MI Jr/5/1a)"]
[Site "?"]
[Date "1996.??.??"]
[Round "?"]
[White "Calton, David A"]
[Black "Zaremba, Andrei"]
[Result "0-1"]
[WhiteElo "1955"]
[BlackElo "2075"]
[PlyCount "52"]
[EventDate "1996.??.??"]

{5/1} 1. d4 d5 2. Nf3 Bf5 3. e3 e6 4. Bd3 Bxd3 5. Qxd3 c5 6. c3 Nc6 7. Nbd2 Nf6
8. O-O Bd6 9. Re1 O-O 10. Qe2 Rc8 11. dxc5 Bxc5 12. e4 Re8 13. h3 e5 14. exd5
e4 15. dxc6 exf3 16. Qd1 Qb6 17. Rf1 fxg2 18. Kxg2 Rxc6 19. Nb3 Ne4 20. Nxc5
Qxc5 21. Qd7 Rg6+ 22. Kh2 Nf6 23. Qd4 Qh5 24. f3 Nd5 25. Bd2 Re2+ 26. Rf2 Qxf3
0-1

[Event "Flint (MI Jr/2/3)"]
[Site "?"]
[Date "1996.??.??"]
[Round "?"]
[White "Calton, David A"]
[Black "King, Kenny"]
[Result "1-0"]
[WhiteElo "1955"]
[BlackElo "1605"]
[PlyCount "79"]
[EventDate "1996.??.??"]

{2/(3)} 1. d4 d5 2. Nf3 Nf6 3. e3 e6 4. Bd3 Nbd7 5. Nbd2 c5 6. c3 Bd6 7. e4
dxe4 8. Nxe4 Be7 9. Qe2 O-O 10. O-O b6 11. Bf4 Ne8 12. dxc5 Nxc5 13. Nxc5 Nf6
14. Ne4 Bb7 15. Nxf6+ Bxf6 16. Be4 Qe7 17. Bxb7 Qxb7 18. Be5 Be7 19. Nd4 f6 20.
Nxe6 fxe5 21. Nxf8 Rxf8 22. Qxe5 Bf6 23. Qe6+ Kh8 24. Rad1 Qc7 25. Qd7 Qb8 26.
Rfe1 h6 27. Rd6 Rd8 28. Qa4 Rf8 29. Rde6 b5 30. Qe4 Qc7 31. Re8 Rxe8 32. Qxe8+
Kh7 33. Qe4+ g6 34. h4 h5 35. g3 Qd7 36. Qe6 Qg7 37. Rd1 Qf8 38. Rd6 Kg7 39.
Qxf6+ Qxf6 40. Rxf6 1-0

[Event "Detroit (Class A/1/3)"]
[Site "?"]
[Date "1996.??.??"]
[Round "?"]
[White "Calton, David A"]
[Black "Golonka, Stan"]
[Result "1/2-1/2"]
[WhiteElo "1900"]
[BlackElo "1975"]
[PlyCount "56"]
[EventDate "1996.??.??"]

{1/(3)} 1. d4 c5 2. e3 Nf6 3. Nf3 g6 4. c3 b6 5. Bd3 Bb7 6. Nbd2 Bg7 7. e4 O-O
8. Qe2 d6 9. O-O Nbd7 10. Nc4 b5 11. Ncd2 c4 12. Bc2 e5 13. Rd1 Qc7 14. Nf1
Rfe8 15. dxe5 dxe5 16. Ne1 Nc5 17. f3 Rad8 18. Be3 a6 19. Qf2 Rxd1 20. Rxd1 Ne6
21. g3 Qc6 22. Ng2 Rd8 23. Rxd8+ Nxd8 24. Qd2 Qd7 25. Qxd7 Nxd7 26. b3 cxb3 27.
Bxb3 Nc6 28. Nd2 Na5 1/2-1/2

[Event "Detroit (Class A/3/10)"]
[Site "?"]
[Date "1996.??.??"]
[Round "?"]
[White "Calton, David A"]
[Black "Bauerle, Paul"]
[Result "0-1"]
[WhiteElo "1900"]
[BlackElo "1900"]
[PlyCount "64"]
[EventDate "1996.??.??"]

{3/(10)} 1. d4 Nf6 2. Nf3 g6 3. Bf4 Bg7 4. Nbd2 d6 5. e4 Bg4 6. Bd3 Nc6 7. h3
Bxf3 8. Nxf3 Nh5 9. Be3 e5 10. c3 h6 11. O-O Qf6 12. dxe5 dxe5 13. Bb5 O-O 14.
Qa4 Ne7 15. Bc5 c6 16. Qb4 Rfe8 17. Bc4 b6 18. Bd6 Nc8 19. Bxe5 Rxe5 20. Nxe5
Qxe5 21. f4 Nxf4 22. Bxf7+ Kh7 23. Rad1 Ne2+ 24. Kf2 Ng3 25. Rd3 Nxf1 26. Kxf1
Ne7 27. Rf3 Rd8 28. c4 Qxe4 29. Kf2 c5 30. Qb3 Rd2+ 31. Kg1 Qe1+ 32. Kh2 Be5+
0-1